La demanda de serveis a les empreses a la Regió Metropolitana de Barcelona / [aquest estudi ha estat realitzat pel Centre d'Estudis i Planificació]
ISBN:
84-7609-603-8
Publicado:
Barcelona :
Ajuntament de Barcelona : Diputació de Barcelona : Àrea metropolitana de Barcelona, D.L. 1993
Descripción Física:
171 p. : quadres ; 26 cm
Otros Autores:
Centre d'Estudis de Planificació
MARC
| LEADER | 00000nam a2200000Ia 4500 | ||
|---|---|---|---|
| 001 | 15963 | ||
| 008 | 160829s9999 xx 000 0 cat d | ||
| 020 | |a 84-7609-603-8 | ||
| 080 | |a M-4-351 | ||
| 245 | |a La demanda de serveis a les empreses a la Regió Metropolitana de Barcelona / [aquest estudi ha estat realitzat pel Centre d'Estudis i Planificació] | ||
| 260 | |a Barcelona : |b Ajuntament de Barcelona : |b Diputació de Barcelona : |b Àrea metropolitana de Barcelona, D.L. 1993 | ||
| 300 | |a 171 p. : |b quadres ; |c 26 cm | ||
| 590 | |a Inclou qüestionaris | ||
| 650 | |a Sector terciari |x Barcelona (Àrea metropolitana) |9 37342 | ||
| 700 | |a Centre d'Estudis de Planificació |9 35043 | ||
| 901 | |a Arxiu | ||
| 942 | |n 1 | ||
| 952 | |0 0 |1 0 |4 0 |6 M4351 |7 1 |9 47811 |a Arxiu |b Arxiu |d 2016-12-01 |l 0 |o M-4-351 |p 15963 |r 2016-12-01 00:00:00 |w 2016-12-01 |y ARXIU | ||
| 999 | |c 51610 |d 51610 | ||